От солдата до генерала (Запись № 10819286)

Подробности
000 -МАРКЕР
контрольное поле 01765nam0a2200373 4500
001 - ИДЕНТИФИКАТОР ЗАПИСИ
контрольное поле RU\NLR\BIBL_A\011575259
005 - ИДЕНТИФИКАТОР ВЕРСИИ
контрольное поле 20250626094124.0
010 ## - МЕЖДУНАРОДНЫЙ СТАНДАРТНЫЙ НОМЕР КНИГИ (ISBN)
Номер (ISBN) 978-5-9524-5271-8
Тираж 2000
021 ## - НОМЕР ГОСУДАРСТВЕННОЙ РЕГИСТРАЦИИ
Код страны российская федерация
Номер 2017-94270
Номер Листа государственной регистраци 6762
035 ## - ДРУГИЕ СИСТЕМНЫЕ НОМЕРА
Идентификатор записи (RuMoRGB)009478243
035 ## - ДРУГИЕ СИСТЕМНЫЕ НОМЕРА
Идентификатор записи (NLR Aleph) 011575259
100 ## - ДАННЫЕ ОБЩЕЙ ОБРАБОТКИ
Данные общей обработки 20171227d2017 |||y0rusy50 ca
101 1# - ЯЗЫК РЕСУРСА
Язык текста, звукозаписи и т.д. русский
Язык оригинала немецкий
102 ## - СТРАНА ПУБЛИКАЦИИ ИЛИ ПРОИЗВОДСТВА
Страна публикации российская федерация
105 ## - ПОЛЕ КОДИРОВАННЫХ ДАННЫХ: ТЕКСТОВЫЕ МАТЕРИАЛЫ, МОНОГРАФИЧЕСКИЕ
Кодированные данные о монографическом текстовом документе ac||z|||000za
200 1# - ЗАГЛАВИЕ И СВЕДЕНИЯ ОБ ОТВЕТСТВЕННОСТИ
Основное заглавие От солдата до генерала
Сведения, относящиеся к заглавию воспоминания офицера-связиста об управлении войсками в военных кампаниях Третьего рейха, 1939-1945
Первые сведения об ответственности Альберт Праун
Последующие сведения об ответственности [пер. с нем. В. С. Мухина]
210 ## - ПУБЛИКАЦИЯ, РАСПРОСТРАНЕНИЕ И ДР.
Место издания, распространения и т.д. Москва
Имя издателя, распространителя и т. д. Центрполиграф
Дата издания, распространения и т.д. 2017 (макет 2018)
215 ## - ФИЗИЧЕСКАЯ ХАРАКТЕРИСТИКА
Специфическое обозначение материала и объем 470, [1] с., [4] л. ил., портр.
Другие сведения о физической характеристике ил.
Размеры 21
225 1# - СЕРИЯ
Основное заглавие серии За линией фронта
Наименование части Мемуары
300 ## - ОБЩИЕ ПРИМЕЧАНИЯ
Текст примечания Загл. и авт. также на нем. яз.: Soldat in der Telegraphen und Nachrichtentruppe / Albert Praun
517 1# - ДРУГИЕ ВАРИАНТЫ ЗАГЛАВИЯ
Связь между полями z11790
Вариант заглавия Soldat in der Telegraphen und Nachrichtentruppe
Язык заглавия немецкий
600 #1 - ИМЯ ЛИЦА КАК ПРЕДМЕТ
Начальный элемент ввода Праун
Часть имени, кроме начального элемента ввода А.
Даты 1994-1975
Расширение инициалов личного имени Альберт
Системный номер авторитетной/нормативной записи 2355609
Идентификатор авторитетной/нормативной записи RU\NLR\AUTH\6601629695
601 01 - НАИМЕНОВАНИЕ ОРГАНИЗАЦИИ КАК ПРЕДМЕТ
Начальный элемент ввода Германия
Структурное подразделение организации Вооруженные силы
Тематический подзаголовок История
Хронологический подзаголовок 1939 - 1945
Системный номер авторитетной/нормативной записи 2605411
Идентификатор авторитетной/нормативной записи RU\NLR\AUTH\661541969
686 ## - ИНДЕКСЫ ДРУГИХ КЛАССИФИКАЦИЙ
Индекс Ц35(0)62-57-5,2(4Г),013
Код системы
686 1# - ИНДЕКСЫ ДРУГИХ КЛАССИФИКАЦИЙ
Индекс Ц35(0)62-4,2
686 1# - ИНДЕКСЫ ДРУГИХ КЛАССИФИКАЦИЙ
Индекс Т3(4Г)63-55
700 #1 - ИМЯ ЛИЦА - ПЕРВИЧНАЯ ОТВЕТСТВЕННОСТЬ
Начальный элемент ввода Праун
Часть имени, кроме начального элемента ввода А.
Даты 1994-1975
Расширение инициалов личного имени Альберт
790 #1 - ИМЯ ЛИЦА - АЛЬТЕРНАТИВНАЯ ФОРМА
Связь между полями z11517
Начальный элемент ввода Praun
Часть имени, кроме начального элемента ввода A.
Даты 1994-1975
Расширение инициалов личного имени Albert
942 ## - ДОПОЛНИТЕЛЬНЫЕ ЭЛЕМЕНТЫ ЗАПИСИ (АБИС)
Тип экземпляра АБИС Книга
980 ## - КОЛЛЕКЦИЯ
Название коллекции НБР
980 ## - КОЛЛЕКЦИЯ
Название коллекции Национальная библиография
Экземпляры
Тип экземпляра Дата поступления Источник поступления Стоимость Библиотека постоянного хранения Библиотека текущего хранения Место хранения Шифр хранения Штрих-код Статус не для выдачи
Книга 27.12.2017 Обязательный экземпляр 0.00 РНБ (Московский) РНБ (Московский) Русский книжный фонд: издания с 1957 года, 3этаж Хран 2017-3/36120 1-2141685  
Книга 27.12.2017 Обязательный экземпляр 0.00 РНБ (Московский) РНБ (Московский) Русский книжный фонд: издания с 1957 года, 3этаж Хран 2017-3/36120 1-2141681